[Event "Reykjavik op"]
[Site "Reykjavik"]
[Date "2024.03.21"]
[Round "9"]
[White "Bernard, Christophe1"]
[Black "Ingason, Sigurdur"]
[Result "1/2-1/2"]
[WhiteElo "1728"]
[BlackElo "1840"]
[PlyCount "33"]
[EventDate "2024.03.15"]
[EventType "swiss"]
[EventRounds "9"]
[EventCountry "ISL"]
[SourceTitle "CB13_2024"]
[SourceDate "2024.03.27"]
[SourceVersion "1"]
[SourceVersionDate "2024.03.27"]
[SourceQuality "1"]

1. Nf3 d5 2. c4 c6 3. d4 Nf6 4. g3 Bf5 5. Bg2 e6 6. Qb3 Qb6 7. Qxb6 axb6 8. cxd5 exd5 9. Nc3 Bd6 10. 0-0 Nbd7 11. Re1 0-0 12. Nh4 Bg6 13. Nxg6 hxg6 14. Bg5 Rfe8 15. a3 Ne4 16. Nxe4 dxe4 17. Bd2 1/2-1/2

[Event "Reykjavik op"]
[Site "Reykjavik"]
[Date "2024.03.16"]
[Round "3"]
[White "Payne, Matthew"]
[Black "Ingason, Sigurdur"]
[Result "1-0"]
[WhiteElo "2077"]
[BlackElo "1840"]
[PlyCount "55"]
[EventDate "2024.03.15"]
[EventType "swiss"]
[EventRounds "9"]
[EventCountry "ISL"]
[SourceTitle "CB13_2024"]
[SourceDate "2024.03.27"]
[SourceVersion "1"]
[SourceVersionDate "2024.03.27"]
[SourceQuality "1"]

1. e4 e5 2. Nf3 Nf6 3. d4 Nxe4 4. Bd3 Nc6 5. Nxe5 Nxe5 6. dxe5 Nc5 7. 0-0 d6 8. Re1 Be6 9. Bf4 dxe5 10. Bxe5 Nxd3 11. cxd3 Qd7 12. Qf3 0-0-0 13. Rc1 Bd6 14. Bxd6 Qxd6 15. Rc3 h5 16. Na3 Qd5 17. Qf4 Rd7 18. Rac1 c6 19. b4 Qd4 20. Qd2 Bd5 21. Nc2 Qf6 22. Ne3 Qg5 23. Qb2 f5 24. b5 f4 25. Nxd5 Rxd5 26. bxc6 b6 27. Qa3 Ra5 28. Qd6 1-0

[Event "Budapest FS08 Nadassy"]
[Site "Budapest"]
[Date "2023.08.13"]
[Round "8.4"]
[White "Ingason, Sigurdur"]
[Black "Poor, Sandor"]
[Result "0-1"]
[WhiteElo "1761"]
[BlackElo "1922"]
[PlyCount "102"]
[EventDate "2023.08.05"]
[EventType "team-tourn"]
[EventRounds "10"]
[EventCountry "HUN"]
[SourceTitle "EXT 2024"]
[Source "ChessBase"]
[SourceDate "2023.10.10"]
[SourceVersion "1"]
[SourceVersionDate "2023.10.10"]
[SourceQuality "1"]
[WhiteTeam "Team Lower Elo"]
[BlackTeam "Team Higher Elo"]
[WhiteTeamCountry "HUN"]
[BlackTeamCountry "HUN"]

1. d4 d5 2. c4 dxc4 3. e3 Nf6 4. Bxc4 e6 5. Nf3 a6 6. 0-0 c5 7. a4 Nc6 8. dxc5 Bxc5 9. Qxd8+ Kxd8 10. Nc3 Ke7 11. Rd1 h6 12. h3 b6 13. e4 Na5 14. Ba2 Bb7 15. Re1 Rhd8 16. Be3 Rac8 17. Bxc5+ bxc5 18. Re2 c4 19. Rae1 Nd7 20. Rd2 Nc5 21. Rxd8 Rxd8 22. Ne5 Rd2 23. Re2 Rxe2 24. Nxe2 Nxa4 25. Nc3 Nxb2 26. Nf3 Kd6 27. Kf1 Kc5 28. Bb1 Nb3 29. Ke1 f6 30. Bc2 Nd4 31. Nxd4 Kxd4 32. Kd2 Nd3 33. Ne2+ Kxe4 34. f3+ Ke5 35. Bxd3 cxd3 36. Kxd3 g5 37. Ke3 Bc6 38. g3 Kd6 39. Nd4 a5 40. f4 gxf4+ 41. gxf4 Bd7 42. Nf3 Bc6 43. Nd4 Bd5 44. Kd3 Kc5 45. Kc3 a4 46. Ne2 a3 47. Ng3 a2 48. Kb2 f5 49. Nh5 Kd4 50. Nf6 Ke3 51. Ng8 h5 0-1

[Event "Budapest FS08 Nadassy"]
[Site "Budapest"]
[Date "2023.08.06"]
[Round "2.5"]
[White "Ingason, Sigurdur"]
[Black "Torok, Tamas Titusz"]
[Result "1-0"]
[WhiteElo "1761"]
[BlackElo "1996"]
[PlyCount "81"]
[EventDate "2023.08.05"]
[EventType "team-tourn"]
[EventRounds "10"]
[EventCountry "HUN"]
[SourceTitle "EXT 2024"]
[Source "ChessBase"]
[SourceDate "2023.10.10"]
[SourceVersion "1"]
[SourceVersionDate "2023.10.10"]
[SourceQuality "1"]
[WhiteTeam "Team Lower Elo"]
[BlackTeam "Team Higher Elo"]
[WhiteTeamCountry "HUN"]
[BlackTeamCountry "HUN"]

1. d4 d5 2. c4 Nc6 3. cxd5 Qxd5 4. e3 e5 5. Nc3 Bb4 6. a3 Bxc3+ 7. bxc3 Qd6 8. d5 Nb8 9. a4 Nf6 10. c4 Na6 11. Ba3 Nc5 12. Ne2 b6 13. Nc3 Bd7 14. Be2 0-0 15. 0-0 e4 16. Qc2 Rfe8 17. Nb5 Bxb5 18. axb5 Nfd7 19. Bb2 Ne5 20. Bd4 Ned7 21. Qc3 Qg6 22. f4 f5 23. Kh1 Nf6 24. Bxc5 bxc5 25. Ra6 Qf7 26. Qa3 Nd7 27. Ra1 Qe7 28. Qc3 Nb6 29. Rxa7 Rxa7 30. Rxa7 Qd6 31. Ra1 h6 32. g4 fxg4 33. Bxg4 Qf6 34. Qxf6 gxf6 35. Ra7 Nxc4 36. Rxc7 Ra8 37. Rc8+ Rxc8 38. Bxc8 Kf8 39. Bf5 Ke7 40. Bxe4 Nxe3 41. b6 1-0

[Event "Reykjavik op"]
[Site "Reykjavik"]
[Date "2023.04.04"]
[Round "9"]
[White "Lokeswara Rao, M."]
[Black "Ingason, Sigurdur"]
[Result "1/2-1/2"]
[WhiteElo "1218"]
[BlackElo "1756"]
[PlyCount "59"]
[EventDate "2023.03.29"]
[EventType "swiss"]
[EventRounds "9"]
[EventCountry "ISL"]
[SourceTitle "EXT 2024"]
[Source "ChessBase"]
[SourceDate "2023.10.10"]
[SourceVersion "1"]
[SourceVersionDate "2023.10.10"]
[SourceQuality "1"]

1. d4 d5 2. Nf3 c6 3. c4 Nf6 4. Nc3 a6 5. cxd5 cxd5 6. a3 e6 7. Bf4 Nc6 8. h3 Bd6 9. Qd2 0-0 10. g4 Na5 11. Bxd6 Nc4 12. Qf4 Nxd6 13. e3 Nfe4 14. Bd3 f5 15. g5 Nxc3 16. bxc3 Ne4 17. 0-0 Nxc3 18. Rfc1 Ne4 19. Rc7 Nd6 20. Rac1 Rf7 21. Rxf7 Nxf7 22. h4 Qd6 23. Qxd6 Nxd6 24. Rc7 Ne8 25. Rc3 Bd7 26. Ne5 Rc8 27. Rb3 Bc6 28. Rc3 Bd7 29. Rb3 Bc6 30. Rc3 1/2-1/2

[Event "Reykjavik op"]
[Site "Reykjavik"]
[Date "2023.04.02"]
[Round "7"]
[White "Seshadri, Sridhar"]
[Black "Ingason, Sigurdur"]
[Result "1/2-1/2"]
[WhiteElo "1445"]
[BlackElo "1756"]
[PlyCount "81"]
[EventDate "2023.03.29"]
[EventType "swiss"]
[EventRounds "9"]
[EventCountry "ISL"]
[SourceTitle "EXT 2024"]
[Source "ChessBase"]
[SourceDate "2023.10.10"]
[SourceVersion "1"]
[SourceVersionDate "2023.10.10"]
[SourceQuality "1"]

1. c4 e5 2. Nf3 e4 3. Nd4 Nc6 4. e3 Nf6 5. Nc3 Bc5 6. Nxc6 bxc6 7. d4 exd3 8. Bxd3 0-0 9. 0-0 Re8 10. Qc2 h6 11. a3 a5 12. Ne4 Qe7 13. Nxc5 Qxc5 14. Bd2 Qh5 15. Bc3 Ng4 16. h3 Ne5 17. Be2 Qh4 18. f4 Ng6 19. Bd4 d6 20. c5 d5 21. Rf3 Ne7 22. Kh2 Nf5 23. Qc3 Nxd4 24. Qxd4 Bf5 25. Rg3 f6 26. Bd3 Bxd3 27. Qxd3 Re4 28. Qb3 Rae8 29. Rf1 Qxg3+ 30. Kxg3 Rxe3+ 31. Rf3 Rxb3 32. Rxb3 Re2 33. Rb8+ Kf7 34. Rb7 d4 35. Rxc7+ Ke6 36. Rxc6+ Kd5 37. Rc8 Rxb2 38. c6 Kd6 39. c7 Rb7 40. Ra8 Rxc7 41. Rxa5 1/2-1/2

[Event "Reykjavik op"]
[Site "Reykjavik"]
[Date "2023.04.01"]
[Round "6"]
[White "Ingason, Sigurdur"]
[Black "Kather, Yannick"]
[Result "0-1"]
[WhiteElo "1756"]
[BlackElo "2137"]
[PlyCount "104"]
[EventDate "2023.03.29"]
[EventType "swiss"]
[EventRounds "9"]
[EventCountry "ISL"]
[SourceTitle "CBM 213 Extra"]
[Source "ChessBase"]
[SourceDate "2023.05.31"]
[SourceVersion "1"]
[SourceVersionDate "2023.05.31"]
[SourceQuality "1"]

1. d4 Nf6 2. c4 g6 3. Nc3 d5 4. cxd5 Nxd5 5. e4 Nxc3 6. bxc3 Bg7 7. Bg5 0-0 8. Nf3 c5 9. Rc1 Qa5 10. Qd2 cxd4 11. cxd4 Qxd2+ 12. Kxd2 f6 13. Bc4+ Kh8 14. Be3 Nc6 15. d5 Na5 16. Bd3 f5 17. Ke2 b6 18. Rhd1 fxe4 19. Bxe4 Ba6+ 20. Bd3 Bb7 21. Be4 e6 22. Ng5 exd5 23. Bxd5 Bxd5 24. Rxd5 Rfc8 25. Rxc8+ Rxc8 26. Nf7+ Kg8 27. Rd8+ Rxd8 28. Nxd8 Bf6 29. Ne6 Kf7 30. Nc7 Nc6 31. Nd5 Be5 32. g3 Ke6 33. Nf4+ Kd6 34. Nd3 Bc3 35. f3 b5 36. Nc5 Bd4 37. Nd3 a5 38. Bd2 Bb6 39. Be3 Bd4 40. Bxd4 Nxd4+ 41. Ke3 Kd5 42. g4 b4 43. f4 Nb5 44. f5 gxf5 45. g5 Nc3 46. Nc1 Ke5 47. Nd3+ Ke6 48. Nc1 a4 49. Kd4 f4 50. a3 Nb5+ 51. Kc4 b3 52. Nd3 f3 0-1

[Event "Reykjavik op"]
[Site "Reykjavik"]
[Date "2023.03.31"]
[Round "4"]
[White "Birkisson, Bjorn Holm"]
[Black "Ingason, Sigurdur"]
[Result "1-0"]
[WhiteElo "2110"]
[BlackElo "1756"]
[PlyCount "43"]
[EventDate "2023.03.29"]
[EventType "swiss"]
[EventRounds "9"]
[EventCountry "ISL"]
[SourceTitle "CBM 213 Extra"]
[Source "ChessBase"]
[SourceDate "2023.05.31"]
[SourceVersion "1"]
[SourceVersionDate "2023.05.31"]
[SourceQuality "1"]

1. e4 e5 2. Nf3 Nf6 3. d4 Nxe4 4. Bd3 Nc6 5. Nxe5 d5 6. Nxc6 bxc6 7. 0-0 Be7 8. Re1 Bf5 9. Qe2 Kf8 10. Nd2 Nd6 11. Nf3 Bg4 12. h3 Bxf3 13. Qxf3 Qd7 14. Bf4 Re8 15. b3 Bd8 16. c4 Rxe1+ 17. Rxe1 Ne8 18. Bd2 Be7 19. Qe2 Nf6 20. cxd5 Nxd5 21. Be4 Bf6 22. Bxd5 1-0

[Event "ISL-chT2 2122"]
[Site "Reykjavik"]
[Date "2022.03.06"]
[Round "7.3"]
[White "Ingason, Sigurdur"]
[Black "Sigurmundsson, Ulfhedinn"]
[Result "1/2-1/2"]
[WhiteElo "1782"]
[BlackElo "1846"]
[PlyCount "105"]
[EventDate "2021.10.01"]
[EventType "team-tourn"]
[EventRounds "7"]
[EventCountry "ISL"]
[SourceTitle "EXT 2024"]
[Source "ChessBase"]
[SourceDate "2023.10.10"]
[SourceVersion "1"]
[SourceVersionDate "2023.10.10"]
[SourceQuality "1"]
[WhiteTeam "Vikingaklubburinn II"]
[BlackTeam "Selfoss"]
[WhiteTeamCountry "ISL"]
[BlackTeamCountry "ISL"]

1. d4 d5 2. c4 e6 3. Nc3 Nf6 4. cxd5 exd5 5. Bg5 Be7 6. e3 0-0 7. Bd3 b6 8. Bxf6 Bxf6 9. Qh5 g6 10. Qxd5 c6 11. Qxd8 Rxd8 12. Nf3 Bb7 13. 0-0 c5 14. Be4 Nc6 15. dxc5 bxc5 16. Rfd1 Na5 17. Bxb7 Nxb7 18. Kf1 Na5 19. Rxd8+ Rxd8 20. Rd1 Rb8 21. Na4 Rb4 22. Nxc5 Rxb2 23. Rd2 Rxd2 24. Nxd2 Be7 25. Ndb3 Nxb3 26. Nxb3 f5 27. Ke2 Kf7 28. Kd3 Ke6 29. Kc4 Kd6 30. Kb5 Kd5 31. a4 Bd6 32. g3 g5 33. a5 f4 34. exf4 gxf4 35. Nd2 h5 36. Nf3 Bc5 37. gxf4 Bxf2 38. Ng5 Be3 39. Ka6 Bxf4 40. Nh7 h4 41. Kxa7 Bxh2 42. Ng5 Bf4 43. Nh3 Ke4 44. Kb7 Be3 45. a6 Kf3 46. a7 Bxa7 47. Kxa7 Kg3 48. Ng5 Kg4 49. Ne4 Kf4 50. Nf2 Kg3 51. Ne4+ Kg2 52. Ng5 h3 53. Nxh3 1/2-1/2

[Event "ISL-chT2 2122"]
[Site "Reykjavik"]
[Date "2022.03.05"]
[Round "5.2"]
[White "Saemundsson, Bjarni"]
[Black "Ingason, Sigurdur"]
[Result "1-0"]
[WhiteElo "1829"]
[BlackElo "1782"]
[PlyCount "31"]
[EventDate "2021.10.01"]
[EventType "team-tourn"]
[EventRounds "7"]
[EventCountry "ISL"]
[SourceTitle "EXT 2024"]
[Source "ChessBase"]
[SourceDate "2023.10.10"]
[SourceVersion "1"]
[SourceVersionDate "2023.10.10"]
[SourceQuality "1"]
[WhiteTeam "Gardabaer III"]
[BlackTeam "Vikingaklubburinn II"]
[WhiteTeamCountry "ISL"]
[BlackTeamCountry "ISL"]

1. d4 f5 2. Nc3 d5 3. Bg5 c6 4. Qd3 g6 5. h4 Bg7 6. 0-0-0 Nf6 7. f3 Qc7 8. Nh3 Be6 9. Bf4 Qd7 10. Qd2 Na6 11. Nf2 0-0-0 12. e3 Nc7 13. Nd3 Bf7 14. Nc5 Qe8 15. N3a4 Nd7 16. Qa5 1-0

[Event "EU-Cup 36th"]
[Site "Struga"]
[Date "2021.09.20"]
[Round "3.6"]
[White "Ingason, Sigurdur"]
[Black "Densing, Gerd"]
[Result "1/2-1/2"]
[WhiteElo "1805"]
[BlackElo "1762"]
[PlyCount "39"]
[EventDate "2021.09.18"]
[EventType "team-swiss"]
[EventRounds "7"]
[EventCountry "MKD"]
[SourceTitle "CBM 204 Extra"]
[Source "ChessBase"]
[SourceDate "2021.11.30"]
[SourceVersion "1"]
[SourceVersionDate "2021.11.30"]
[SourceQuality "1"]
[WhiteTeam "Viking CC"]
[BlackTeam "Echternach Sprenger"]
[WhiteTeamCountry "ISL"]
[BlackTeamCountry "LUX"]

1. d4 d5 2. c4 e6 3. Nc3 Nf6 4. cxd5 exd5 5. Bg5 Be7 6. e3 0-0 7. Bd3 Nc6 8. Qc2 h6 9. Bh4 Nh5 10. Bxe7 Qxe7 11. Nge2 Qg5 12. Ng3 Nxg3 13. hxg3 Ne7 14. Ne2 f5 15. Nf4 Rf6 16. Nh3 Qg6 17. Nf4 Qg5 18. Nh3 Qg6 19. Nf4 Qg5 20. Nh3 1/2-1/2

[Event "EU-Cup 33rd"]
[Site "Antalya"]
[Date "2017.10.13"]
[Round "6.6"]
[White "Lokasto, Mariusz"]
[Black "Ingason, Sigurdur"]
[Result "1-0"]
[WhiteElo "1857"]
[BlackElo "1809"]
[PlyCount "57"]
[EventDate "2017.10.08"]
[EventType "team-swiss"]
[EventRounds "7"]
[EventCountry "TUR"]
[SourceTitle "CBM 181"]
[Source "ChessBase"]
[SourceDate "2017.11.10"]
[SourceVersion "1"]
[SourceVersionDate "2017.11.10"]
[SourceQuality "1"]
[WhiteTeam "Benildus"]
[BlackTeam "Viking"]
[WhiteTeamCountry "IRL"]
[BlackTeamCountry "ISL"]

1. d4 f5 2. Nc3 d5 3. Bf4 a6 4. e3 Nf6 5. h4 e6 6. a3 c5 7. Nf3 Nc6 8. h5 Ne4 9. Nxe4 fxe4 10. Ne5 Be7 11. h6 g6 12. Qg4 Bd7 13. Nxg6 Rg8 14. Qh5 Qa5+ 15. b4 hxg6 16. h7 0-0-0 17. bxa5 gxh5 18. hxg8Q Rxg8 19. c3 h4 20. g3 hxg3 21. fxg3 c4 22. Rh7 Bd8 23. Ra2 Bxa5 24. Kd2 Na7 25. a4 Kd8 26. Bh3 Nc8 27. Be5 Nb6 28. Kc2 Nxa4 29. Bxe6 1-0

[Event "EU-Cup 33rd"]
[Site "Antalya"]
[Date "2017.10.09"]
[Round "2.6"]
[White "Longson, Sarah N"]
[Black "Ingason, Sigurdur"]
[Result "1-0"]
[WhiteElo "2102"]
[BlackElo "1809"]
[PlyCount "39"]
[EventDate "2017.10.08"]
[EventType "team-swiss"]
[EventRounds "7"]
[EventCountry "TUR"]
[SourceTitle "CBM 181"]
[Source "ChessBase"]
[SourceDate "2017.11.10"]
[SourceVersion "1"]
[SourceVersionDate "2017.11.10"]
[SourceQuality "1"]
[WhiteTeam "3CS Oldham"]
[BlackTeam "Viking"]
[WhiteTeamCountry "ENG"]
[BlackTeamCountry "ISL"]

1. e4 e5 2. Bc4 Nf6 3. d3 Nc6 4. Nf3 Bc5 5. c3 h6 6. Nbd2 a6 7. Bb3 0-0 8. 0-0 d5 9. exd5 Nxd5 10. Ne4 Ba7 11. Bxh6 Nxc3 12. bxc3 gxh6 13. Nxe5 Nxe5 14. Qh5 Ng4 15. h3 Qxd3 16. Rae1 Kg7 17. hxg4 Be6 18. Qe5+ Kh7 19. Nf6+ Kg6 20. Nh5 1-0

[Event "Prague Summer op 4th"]
[Site "Prague"]
[Date "2017.08.05"]
[Round "2"]
[White "Bjornsson, Tomas"]
[Black "Ingason, Sigurdur"]
[Result "1/2-1/2"]
[WhiteElo "2169"]
[BlackElo "1812"]
[PlyCount "75"]
[EventDate "2017.08.04"]
[EventType "swiss"]
[EventRounds "9"]
[EventCountry "CZE"]
[SourceTitle "CBM 179 Extra"]
[Source "ChessBase"]
[SourceDate "2017.08.23"]
[SourceVersion "1"]
[SourceVersionDate "2017.08.23"]
[SourceQuality "1"]

1. e4 e5 2. Nf3 Nf6 3. Nxe5 d6 4. Nf3 Nxe4 5. d3 Nf6 6. d4 Bf5 7. Bd3 Bg6 8. 0-0 d5 9. Re1+ Be7 10. Bxg6 hxg6 11. Qe2 Nc6 12. Nc3 0-0 13. Bf4 Re8 14. Qd2 Bb4 15. Rxe8+ Nxe8 16. a3 Bxc3 17. Qxc3 Nd6 18. Ng5 Ne4 19. Nxe4 dxe4 20. Rd1 Qd7 21. Rd2 Rc8 22. d5 Ne7 23. Qd4 Qf5 24. Bg3 a6 25. Qa7 Qg5 26. Rd1 Qg4 27. Re1 Nxd5 28. Qxb7 Qe6 29. c4 Nf6 30. b3 c5 31. Rd1 Rc6 32. Rd8+ Kh7 33. Qb8 g5 34. Rd6 Rxd6 35. Qxd6 Qxd6 36. Bxd6 Nd7 37. b4 cxb4 38. axb4 1/2-1/2

[Event "Pardubice Czech op-B 28th"]
[Site "Pardubice"]
[Date "2017.07.21"]
[Round "1"]
[White "Urh, Zala"]
[Black "Ingason, Sigurdur"]
[Result "1-0"]
[WhiteElo "2088"]
[BlackElo "1870"]
[PlyCount "31"]
[EventDate "2017.07.21"]
[EventType "swiss"]
[EventRounds "9"]
[EventCountry "CZE"]
[SourceTitle "CBM 179 Extra"]
[Source "ChessBase"]
[SourceDate "2017.08.23"]
[SourceVersion "1"]
[SourceVersionDate "2017.08.23"]
[SourceQuality "1"]

1. d4 f5 2. c4 Nf6 3. Nc3 e6 4. Nf3 Bb4 5. g3 0-0 6. Bg2 d5 7. 0-0 c6 8. Qb3 Qe7 9. a3 Bxc3 10. bxc3 Nbd7 11. a4 Re8 12. Ba3 Qf7 13. Rab1 e5 14. cxd5 Qxd5 15. c4 Qf7 16. Ng5 1-0

[Event "ISL-chT 1516"]
[Site "Reykjavik"]
[Date "2016.03.04"]
[Round "7.3"]
[White "Stefansson, Vignir Vatnar"]
[Black "Ingason, Sigurdur"]
[Result "1/2-1/2"]
[WhiteElo "1921"]
[BlackElo "1846"]
[PlyCount "121"]
[EventDate "2015.09.24"]
[EventType "team-tourn"]
[EventRounds "9"]
[EventCountry "ISL"]
[SourceTitle "EXT 2017"]
[Source "ChessBase"]
[SourceDate "2016.10.25"]
[SourceVersion "1"]
[SourceVersionDate "2016.10.25"]
[SourceQuality "1"]
[WhiteTeam "Reykjavik II"]
[BlackTeam "The Viking"]
[WhiteTeamCountry "ISL"]
[BlackTeamCountry "ISL"]

1. d4 f5 2. Bg5 g6 3. c3 Bg7 4. Nd2 Nf6 5. Qb3 e6 6. e4 h6 7. Bxf6 Qxf6 8. Bd3 Nc6 9. Ngf3 b6 10. 0-0-0 Bb7 11. d5 Na5 12. Qa4 fxe4 13. Bxe4 exd5 14. Bd3 0-0-0 15. Nb3 Bc6 16. Qg4 Nxb3+ 17. axb3 g5 18. Kc2 Rhf8 19. Ra1 Kb8 20. Qb4 Qd6 21. Qxd6 cxd6 22. Rhf1 d4 23. Ne1 dxc3 24. bxc3 Rde8 25. Kd2 Be5 26. g3 Bd5 27. Ra3 Rc8 28. b4 Be6 29. f3 d5 30. Nc2 Rc7 31. Nd4 Bxd4 32. cxd4 Bh3 33. Re1 Bf5 34. Re5 Be6 35. Ba6 Rf6 36. Rae3 Rc6 37. Bb5 Rc7 38. Ra3 d6 39. Re1 Bf7 40. Ree3 Bg6 41. Ra2 Bh5 42. Ke2 Bg6 43. Ba6 Bf7 44. Kd2 Re6 45. Raa3 Ree7 46. Rac3 Rxe3 47. Rxe3 Rd7 48. f4 gxf4 49. gxf4 Rd8 50. Re7 Rf8 51. Bb5 a5 52. bxa5 bxa5 53. Bc6 Kc8 54. Ra7 Kd8 55. f5 Be8 56. Ra8+ Ke7 57. Bxe8 Rxe8 58. Rxa5 Rg8 59. Ke3 Rg2 60. h4 Rh2 61. Rxd5 1/2-1/2

[Event "Reykjavik op"]
[Site "Reykjavik"]
[Date "2015.03.15"]
[Round "7"]
[White "Van Zyl Rudd, Jack"]
[Black "Ingason, Sigurdur"]
[Result "1/2-1/2"]
[WhiteElo "1648"]
[BlackElo "1880"]
[PlyCount "48"]
[EventDate "2015.03.10"]
[EventType "swiss"]
[EventRounds "10"]
[EventCountry "ISL"]
[SourceTitle "CBM 165 Extra"]
[Source "ChessBase"]
[SourceDate "2015.04.21"]
[SourceVersion "1"]
[SourceVersionDate "2015.04.21"]
[SourceQuality "1"]

1. d4 f5 2. e4 fxe4 3. Nc3 Nf6 4. Bg5 c6 5. f3 Qa5 6. Qd2 e5 7. Bxf6 gxf6 8. dxe5 Qxe5 9. fxe4 d5 10. 0-0-0 Bg4 11. Be2 h5 12. Kb1 Bh6 13. Qd3 d4 14. Qxd4 Qxd4 15. Rxd4 Nd7 16. h3 Bxe2 17. Ngxe2 Rg8 18. g3 0-0-0 19. Rhd1 Be3 20. R4d3 Bf2 21. Rf3 Bb6 22. Rfd3 Bf2 23. Rf3 Bb6 24. Rfd3 Bf2 1/2-1/2

[Event "ISL-chT2 1415"]
[Site "Reykjavik"]
[Date "2014.10.03"]
[Round "1"]
[White "Ingason, Sigurdur"]
[Black "Thorsteinsdottir, Gudlaug"]
[Result "1/2-1/2"]
[WhiteElo "1877"]
[BlackElo "2006"]
[PlyCount "47"]
[EventDate "2014.10.03"]
[EventType "team-tourn"]
[EventRounds "7"]
[EventCountry "ISL"]
[SourceTitle "EXT 2016"]
[Source "ChessBase"]
[SourceDate "2015.10.08"]
[SourceVersion "1"]
[SourceVersionDate "2015.10.08"]
[SourceQuality "1"]
[WhiteTeam "Vikingaklubburinn II"]
[BlackTeam "Gardabaer"]
[WhiteTeamCountry "ISL"]
[BlackTeamCountry "ISL"]

1. d4 d5 2. Nf3 Nf6 3. e3 e6 4. Bd3 Be7 5. Nbd2 b6 6. 0-0 Bb7 7. Ne5 0-0 8. b3 Nbd7 9. f4 Ne4 10. Nxd7 Qxd7 11. Nxe4 dxe4 12. Be2 f5 13. Bb2 Rad8 14. c4 c5 15. Qc2 Qc7 16. Rad1 Bf6 17. d5 Qe7 18. dxe6 Qxe6 19. Bc3 Rxd1 20. Rxd1 Rd8 21. Rxd8+ Bxd8 22. Qb2 Qd7 23. Be5 Bc6 24. Qc3 1/2-1/2

[Event "EU-Cup 29th"]
[Site "Rhodes"]
[Date "2013.10.25"]
[Round "6.6"]
[White "Ingason, Sigurdur"]
[Black "Kytoniemi, Jyrki"]
[Result "1/2-1/2"]
[WhiteElo "1866"]
[BlackElo "2263"]
[PlyCount "81"]
[EventDate "2013.10.20"]
[EventType "team-swiss"]
[EventRounds "7"]
[EventCountry "GRE"]
[SourceTitle "CBM 157"]
[Source "ChessBase"]
[SourceDate "2013.11.12"]
[SourceVersion "1"]
[SourceVersionDate "2013.11.12"]
[SourceQuality "1"]
[WhiteTeam "Viking"]
[BlackTeam "Tammer Shakki"]
[WhiteTeamCountry "ISL"]
[BlackTeamCountry "FIN"]

1. c4 b6 2. Nf3 Bb7 3. g3 Bxf3 4. exf3 c5 5. Nc3 Nc6 6. Bg2 g6 7. d3 Bg7 8. Bd2 Rc8 9. 0-0 Nf6 10. Bg5 h6 11. Bxf6 Bxf6 12. Qd2 Bg7 13. f4 0-0 14. Rab1 e6 15. Rfe1 a6 16. a3 a5 17. Red1 Kh7 18. Qe1 Re8 19. Qd2 Qc7 20. Re1 Red8 21. Be4 Nd4 22. Ne2 Nc6 23. Nc3 Qd6 24. Bg2 Nd4 25. Ne2 Nc6 26. Nc3 Qb8 27. Kf1 Qd6 28. Kg1 Nd4 29. Ne2 Nxe2+ 30. Qxe2 Rb8 31. a4 Qd4 32. Qe4 Rbc8 33. Bf3 Rc7 34. Re2 Qd6 35. Qe3 Bd4 36. Qd2 Qf8 37. Rbe1 Qg7 38. Qc2 Qf6 39. Bg2 Kg7 40. Qb3 Rb8 41. Be4 1/2-1/2

[Event "Reykjavik op"]
[Site "Reykjavik"]
[Date "2013.02.27"]
[Round "10"]
[White "Vanheirzeele, Daniel"]
[Black "Ingason, Sigurdur"]
[Result "1-0"]
[WhiteElo "2125"]
[BlackElo "1878"]
[PlyCount "55"]
[EventDate "2013.02.19"]
[EventType "swiss"]
[EventRounds "10"]
[EventCountry "ISL"]
[SourceTitle "CBM 153 Extra"]
[Source "ChessBase"]
[SourceDate "2013.04.22"]
[SourceVersion "1"]
[SourceVersionDate "2013.04.22"]
[SourceQuality "1"]

1. d4 d5 2. c4 c6 3. Nf3 Nf6 4. Nc3 a6 5. a4 e6 6. g3 c5 7. cxd5 exd5 8. Bg2 Nc6 9. 0-0 Bg4 10. Bg5 Be7 11. dxc5 d4 12. Bxf6 Bxf6 13. Ne4 Be7 14. Rc1 0-0 15. Qb3 Rb8 16. Rfd1 Be6 17. Qd3 f5 18. Nd6 Bxd6 19. cxd6 Qxd6 20. Nxd4 Nxd4 21. Qxd4 Qxd4 22. Rxd4 b5 23. a5 Bc4 24. e3 Be6 25. Rc6 Bc8 26. Rb6 Rxb6 27. axb6 Be6 28. b7 1-0

[Event "Reykjavik op"]
[Site "Reykjavik"]
[Date "2013.02.23"]
[Round "6"]
[White "Ingason, Sigurdur"]
[Black "Frick, Renato"]
[Result "0-1"]
[WhiteElo "1878"]
[BlackElo "2075"]
[PlyCount "80"]
[EventDate "2013.02.19"]
[EventType "swiss"]
[EventRounds "10"]
[EventCountry "ISL"]
[SourceTitle "CBM 153 Extra"]
[Source "ChessBase"]
[SourceDate "2013.04.22"]
[SourceVersion "1"]
[SourceVersionDate "2013.04.22"]
[SourceQuality "1"]

1. c4 Nf6 2. g3 e6 3. Bg2 d5 4. Nf3 c6 5. b3 Nbd7 6. Bb2 Bd6 7. d3 Qe7 8. e4 dxe4 9. dxe4 e5 10. Nbd2 a5 11. a3 b6 12. 0-0 0-0 13. Re1 Bb7 14. Bf1 Rfd8 15. Qc2 Rac8 16. Nb1 Nf8 17. Bc3 c5 18. Nbd2 N6d7 19. Nh4 g6 20. Ng2 Ne6 21. Ne3 Nd4 22. Qd3 Rc6 23. Nd5 Qf8 24. Bg2 Qg7 25. Rab1 Ra8 26. a4 Nf8 27. Nf1 Nfe6 28. Bd2 Rf8 29. Be3 h6 30. Qd2 Kh7 31. f4 f5 32. exf5 Nxf5 33. fxe5 Bxe5 34. Nf4 Rd6 35. Nd5 Nxe3 36. Nfxe3 Bd4 37. Kh1 Ng5 38. Rf1 Re8 39. Rbe1 Rde6 40. Qd3 Bxd5 0-1

[Event "Plzen op 4th"]
[Site "Plzen"]
[Date "2012.11.18"]
[Round "1"]
[White "Kourousis, Epaminondas"]
[Black "Ingason, Sigurdur"]
[Result "1-0"]
[WhiteElo "2354"]
[BlackElo "1883"]
[PlyCount "99"]
[EventDate "2012.11.18"]
[EventType "swiss"]
[EventRounds "7"]
[EventCountry "CZE"]
[SourceTitle "CBM 151 Extra"]
[Source "ChessBase"]
[SourceDate "2012.12.18"]
[SourceVersion "1"]
[SourceVersionDate "2012.12.18"]
[SourceQuality "1"]

1. d4 f5 2. g3 Nf6 3. Bg2 e6 4. c4 d6 5. Nf3 Be7 6. Nc3 0-0 7. 0-0 Qe8 8. b4 Nc6 9. b5 Nd8 10. a4 Ne4 11. Nxe4 fxe4 12. Ng5 d5 13. cxd5 exd5 14. Qb3 c6 15. Nxe4 Ne6 16. bxc6 bxc6 17. Nc3 Nxd4 18. Bxd5+ cxd5 19. Qxd5+ Be6 20. Qxd4 Bf6 21. Qd3 Qc6 22. Ra3 Bh3 23. Qe4 Qc5 24. Qd5+ Qxd5 25. Nxd5 Bxf1 26. Kxf1 Rad8 27. Rd3 h6 28. Bxh6 Rxd5 29. Rxd5 gxh6 30. f4 Rd8 31. Rxd8+ Bxd8 32. e4 Kf7 33. Ke2 Ke6 34. Kf3 h5 35. h3 Ba5 36. g4 hxg4+ 37. hxg4 Bd2 38. Kg3 Kf6 39. Kf3 Ke6 40. Kg3 Kf6 41. g5+ Kg7 42. Kg4 Bc3 43. Kf5 Bb4 44. Kg4 Bc3 45. e5 Bb2 46. e6 Kf8 47. f5 Ke7 48. Kh5 Bd4 49. Kg6 Bc3 50. Kh7 1-0